000 00678nam a2200205Ia 4500
003 GCL
008 140319s9999 xx 000 0 ara d
020 _a076081977
040 _aGCL /
_cGCL
082 0 4 _a811.082
_bع ب
100 1 _aعبدالرحمن الابنودى
245 1 0 _aبغداد :
_bقصيدة /
_cعبدالرحمن الابنودى
250 _aالاولى
260 _aالقاهرة :
_bأطلس للنشر والانتاج الاعلامى ،
_c2003
300 _a31 ص ؛
_c19 سم
650 0 4 _aالادب العربى
650 0 4 _aالشعر الحماسى
650 0 4 _aالشعر العربى - دواوين وقصائد
942 _2ddc
_cBK
999 _c9327
_d9327